5HLuxD.jpg

KING HENRY VIII SENIOR AND PRIMARY SCHOOL LIBRARY OPAC

COULD WE SURVIVE ON OTHER PLANETS? (Record no. 4332)

000 -LEADER
fixed length control field 00284nam a22001097a 4500
008 - FIXED-LENGTH DATA ELEMENTS--GENERAL INFORMATION
fixed length control field 250206b ||||| |||| 00| 0 eng d
020 ## - INTERNATIONAL STANDARD BOOK NUMBER
International Standard Book Number 9781499408676
100 ## - MAIN ENTRY--PERSONAL NAME
Personal name WOOD,ALIX
Relator term AUTHOR
245 ## - TITLE STATEMENT
Title COULD WE SURVIVE ON OTHER PLANETS?
260 ## - PUBLICATION, DISTRIBUTION, ETC.
Place of publication, distribution, etc. NEW YORK
Name of publisher, distributor, etc. ROSEN PUBLISHING
942 ## - ADDED ENTRY ELEMENTS (KOHA)
Source of classification or shelving scheme
Holdings
Withdrawn status Lost status Source of classification or shelving scheme Damaged status Not for loan Permanent Location Current Location Shelving location Date acquired Total Checkouts Full call number Barcode Date last seen Date last checked out Price effective from Koha item type Public note
          KH8 Primary School Library KH8 Primary School Library Non Fiction 2025-02-06 5 523.4 WOO 3KHPL000002077 2026-04-17 2026-04-10 2025-02-06 Books - Non Ficton KH8 PRIMARY

Powered By KH8 IT Dept